[Event "4th Open A"]
[Site "Moscow RUS"]
[Date "2008.02.06"]
[Round "5"]
[White "Nguyen Ngoc Truong Son"]
[Black "Malakhov,V"]
[Result "1/2-1/2"]
[WhiteElo "2551"]
[BlackElo "2689"]

1.e4 c5 2.Nf3 d6 3.d4 cxd4 4.Nxd4 Nf6 5.Nc3 Nc6 6.Bg5 e6 7.Qd2 a6 8.O-O-O Be7
9.f3 Nxd4 10.Qxd4 b5 11.Kb1 Bb7 12.h4 O-O 13.g4 Rc8 14.Bd3 Nd7 15.Bxe7 Qxe7
16.g5 Nc5 17.Rdg1 e5 18.Qe3 b4 19.Ne2 d5 20.h5 Nxd3 21.cxd3 f5 22.gxf6 Qxf6
23.Ng3 Rc7 24.Nf5 Bc8 25.Rg5 Qc6 26.Qd2 dxe4 27.dxe4 Bxf5 28.Rxf5 Rxf5 29.exf5 Rf7
30.Rc1 Qxf3 31.Rc8+ Rf8 32.Rxf8+ Kxf8 33.Qd6+ Kf7 34.Qe6+ Kf8 35.Qd6+ Kf7  1/2-1/2

[Event "4th Open A"]
[Site "Moscow RUS"]
[Date "2008.02.09"]
[Round "8"]
[White "Malakhov,V"]
[Black "Evdokimov,Alexa"]
[Result "1-0"]
[WhiteElo "2689"]
[BlackElo "2569"]

1.c4 g6 2.e4 e5 3.d4 d6 4.Nc3 Nc6 5.d5 Nce7 6.Bd3 Bg7 7.Nge2 Nf6 8.f3 Nd7
9.Be3 f5 10.exf5 Nxf5 11.Bxf5 gxf5 12.f4 O-O 13.O-O a6 14.Ng3 Nf6 15.h3 e4
16.c5 Bd7 17.Qb3 Rb8 18.Rf2 Qe7 19.Rc1 Qf7 20.Rd2 Rfe8 21.cxd6 cxd6 22.Ba7 Bh6
23.Rf1 Rbc8 24.Qxb7 e3 25.Rd3 Rxc3 26.bxc3 Bb5 27.Qxf7+ Kxf7 28.Rxe3 Bxf1
29.Nxf5 Rxe3 30.Bxe3 Bd3 31.Nxh6+ Kg6 32.f5+ Bxf5 33.Nxf5 Kxf5 34.c4 Ke4
35.Bg5 Nd7 36.Be7 Ne5 37.Bxd6 Nxc4 38.Bc7 Kxd5 39.Kf2 Ke4 40.g4 Ne3 41.Kg3 Nd5
42.Bd6 Nc3 43.Kh4 Kf3 44.g5 Ne4 45.Bc7 Kg2 46.Bb6 Kf3 47.Kh5 Kf4 48.Bc7+ Kf5
49.h4 Nc5 50.Ba5 Ne4 51.Kh6 Kg4 52.Be1 Kf5 53.a4 Kg4 54.a5 Kf5 55.Kxh7 Nxg5+
56.hxg5 Kxg5 57.Kg7 Kf5 58.Kf7 Ke5 59.Ke7  1-0

[Event "TCh-CHN Torch Real Estate Cup"]
[Site "Jiangsu Wuxi CHN"]
[Date "2008.05.19"]
[Round "7"]
[White "Malakhov,V"]
[Black "Wang Chen"]
[Result "1/2-1/2"]
[WhiteElo "2689"]
[BlackElo "2387"]

1.d4 d5 2.c4 e6 3.Nc3 c5 4.cxd5 cxd4 5.Qxd4 Nc6 6.Qa4 exd5 7.Nf3 d4 8.Ne4 Bf5
9.Ng3 Be6 10.e4 a6 11.Bd3 Bb4+ 12.Bd2 Bxd2+ 13.Nxd2 Nf6 14.O-O O-O 15.f4 Ng4
16.Nf3 b5 17.Qa3 b4 18.Qa4 Bd7 19.Rfc1 Nce5 20.Qd1 Ne3 21.Qe2 Nxf3+ 22.Qxf3 Bb5
23.Bxb5 axb5 24.e5 Rc8 25.Qe4 Qb6 26.Rxc8 Rxc8 27.Nf1 Ng4 28.Qd3 Rc2 29.Rd1 Qc6
30.Qf3 Qxf3 31.gxf3 Nf2 32.Rxd4 Nh3+ 33.Kh1 g6 34.f5 gxf5 35.Ne3 Rxb2 36.Nxf5 h5
37.f4 Rxa2 38.Rxb4 Nf2+ 39.Kg1 Nh3+ 40.Kh1 Nf2+ 41.Kg1  1/2-1/2

[Event "TCh-CHN Torch Real Estate Cup"]
[Site "Jiangsu Wuxi CHN"]
[Date "2008.05.20"]
[Round "8"]
[White "Malakhov,V"]
[Black "Zhao Jun"]
[Result "1/2-1/2"]
[WhiteElo "2689"]
[BlackElo "2566"]

1.c4 Nf6 2.Nf3 e6 3.Nc3 Bb4 4.Qc2 O-O 5.a3 Bxc3 6.Qxc3 b6 7.b3 Bb7 8.Bb2 d6
9.g3 Nbd7 10.Bg2 Ne5 11.O-O Nxf3+ 12.exf3 Re8 13.Rfe1 Qe7 14.Re2 Qf8 15.d4 Rab8
16.Rae1 Red8 17.Bh3 d5 18.f4 dxc4 19.Qxc4 Qd6 20.f5 exf5 21.Bxf5 Qd5 22.Qxd5 Bxd5
23.b4 g6 24.Bh3 Re8 25.Re5 c6 26.Bc1 Rxe5 27.dxe5 Ne4 28.f3 Nc3 29.Kf2 Be6
30.Bf1 Rd8 31.g4 c5 32.bxc5 bxc5 33.Bg5 Nd1+ 34.Kg2 Rd4  1/2-1/2

[Event "Politiken Cup"]
[Site "Helsingor DEN"]
[Date "2008.07.20"]
[Round "2"]
[White "Malakhov,V"]
[Black "Hvenekilde,J"]
[Result "1-0"]
[WhiteElo "2689"]
[BlackElo "2179"]

1.c4 Nf6 2.Nc3 g6 3.g3 Bg7 4.Bg2 O-O 5.Nf3 d6 6.O-O Nc6 7.d3 Bd7 8.h3 a6
9.Be3 Qc8 10.Kh2 h6 11.Rc1 e6 12.d4 Ne7 13.Bd2 Bc6 14.Qc2 Bxf3 15.Bxf3 Nf5
16.e3 Rb8 17.b4 c5 18.Ne2 b6 19.Bg2 h5 20.Rfd1 Rd8 21.Be1 Rd7 22.Qb3 Rc7
23.dxc5 bxc5 24.a3 Qe8 25.Kg1 cxb4 26.axb4 d5 27.cxd5 Rxc1 28.Rxc1 exd5 29.Bxd5 Nxd5
30.Qxd5 h4 31.Qf3 hxg3 32.Nxg3 Nxg3 33.Qxg3 Rb5 34.Rc4 Qd8 35.Qf3 Rd5 36.Kg2 Rg5+
37.Rg4 Rf5 38.Qe2 Qa8+ 39.f3 Qc6 40.h4 Bf8 41.Rc4 Qb7 42.Re4 Kh7 43.Qc4 Rxf3
44.Kxf3 f5 45.Bc3 Qxe4+ 46.Qxe4 fxe4+ 47.Kxe4 Be7 48.Be1 g5 49.hxg5 Bxg5
50.Bd2 Kg6 51.Kd5 Kf7 52.Kc6 Ke6 53.Kb6 Ke5 54.Kxa6 Ke4 55.b5 Kd3 56.b6 Bf6
57.b7 Be5 58.Bc1 Bb8 59.Kb6 Kc2 60.Ba3 Kb3 61.Bc5 Kc4 62.Kc6  1-0

[Event "Politiken Cup"]
[Site "Helsingor DEN"]
[Date "2008.07.20"]
[Round "3"]
[White "Bulski,K"]
[Black "Malakhov,V"]
[Result "0-1"]
[WhiteElo "2388"]
[BlackElo "2689"]

1.e4 c5 2.Nf3 Nc6 3.d4 cxd4 4.Nxd4 Nf6 5.Nc3 d6 6.Be2 g6 7.Nb3 Bg7 8.Bg5 a5
9.a4 Be6 10.O-O O-O 11.Re1 Nd7 12.Bb5 Re8 13.Rb1 Bxb3 14.cxb3 Nd4 15.Bf1 Ne5
16.Nb5 Nxb5 17.Bxb5 Nc6 18.Qd2 Qd7 19.Rbc1 Rec8 20.Rc4 Qe6 21.Rec1 Nd4 22.Rxc8+ Rxc8
23.Rxc8+ Qxc8 24.Bxe7 Qe6 25.Bd8 Nxb5 26.axb5 Qxe4 27.g3 d5 28.Bxa5 h5 29.Qe3 Qxe3
30.fxe3 Bxb2 31.Kf2 Kf8 32.Bb4+ Ke8 33.Kf3 Kd7 34.h3 Ke6 35.Ba5 Kd6 36.Bb4+ Ke5
37.Bf8 d4 38.exd4+ Bxd4 39.g4 hxg4+ 40.hxg4 Kd5 41.Be7 Bc5 42.Bf6 Bg1 43.Kf4 Bh2+
44.Ke3 Kc5 45.Bc3 Kxb5 46.Kd4 Kc6 47.Bb4 Bd6 48.Bd2 Bf8 49.Ke4 Kc5 50.Bc3 Bh6
51.Be1 Kd6 52.Bh4 Bd2 53.Bd8 Bc3 54.Kd3 Be5 55.Ke4 Ke6 56.g5 Bg3 57.Bb6 Kd6
58.Be3 Kc6 59.Bc1 Bd6 60.Be3 Bc7 61.Bc1 Kb5 62.Bd2 Kc5 63.Bc3 Bd6 64.Bd2 Bf8
65.Bc3 Kc6 66.Bd4 Be7 67.Be3 Ba3 68.Bd4 Kb5 69.Bc3 Bc1 70.Bf6 Kc6 71.Be7 Bd2
72.Bf6 Kd6 73.Kd3 Bf4 74.Ke4 Bc1 75.Bd8 Bb2 76.Ba5 Kc5 77.Bd2 b5 78.Ba5 Bc1
79.Bd8 Kb4 80.Ke5 Kxb3 81.Kf6 Bxg5+ 82.Kxg5 b4 83.Be7 Kc3 84.Kf6 b3 85.Kxf7 Kc2  0-1

[Event "61st ch-RUS HL"]
[Site "Novokuznetsk RUS"]
[Date "2008.09.04"]
[Round "2"]
[White "Landa,K"]
[Black "Malakhov,V"]
[Result "1/2-1/2"]
[WhiteElo "2615"]
[BlackElo "2689"]

1.e4 c5 2.Nf3 d6 3.d4 cxd4 4.Nxd4 Nf6 5.Nc3 Nc6 6.Bg5 e6 7.Qd2 Be7 8.O-O-O a6
9.f4 Nxd4 10.Qxd4 b5 11.Be2 Bb7 12.Bf3 O-O 13.Bxf6 Bxf6 14.Qxd6 Qa5 15.e5 Bxf3
16.gxf3 Rad8 17.Qc5 Rc8 18.Qe3 b4 19.exf6 bxc3 20.Kb1 cxb2 21.Rhg1 g6 22.Rg5 Qc3
23.Qxc3 Rxc3 24.Rd3 Rc4 25.Kxb2 Rb8+ 26.Rb3 Rbc8 27.Ra5 Rxc2+ 28.Ka3 Rxh2
29.Rxa6 h5 30.Rab6 Ra8+ 31.Kb4 Rc2 32.a4 h4 33.Ka3 Rcc8 34.Rb2 h3 35.Rh2 Rc3+
36.Rb3 Rc4 37.Rb4 Rc3+ 38.Rb3 Rc4 39.Rb4  1/2-1/2

[Event "17th CRO-chT 1a"]
[Site "Sibenik CRO"]
[Date "2008.09.04"]
[Round "8"]
[White "Almasi,Z"]
[Black "Malakhov,V"]
[Result "1/2-1/2"]
[WhiteElo "2668"]
[BlackElo "2689"]

1.e4 c5 2.Nf3 Nc6 3.d4 cxd4 4.Nxd4 g6 5.c4 Nf6 6.Nc3 d6 7.Be2 Nxd4 8.Qxd4 Bg7
9.Be3 O-O 10.Qd2 Be6 11.Rc1 Qa5 12.f3 Rfc8 13.b3 a6 14.Nd5  1/2-1/2

[Event "61st ch-RUS HL"]
[Site "Novokuznetsk RUS"]
[Date "2008.09.13"]
[Round "10"]
[White "Kabanov,N"]
[Black "Malakhov,V"]
[Result "1/2-1/2"]
[WhiteElo "2521"]
[BlackElo "2689"]

1.e4 c5 2.Nf3 g6 3.d4 Bg7 4.dxc5 Qa5+ 5.c3 Qxc5 6.Na3 Nf6 7.Be3 Qc6 8.Nb5 b6
9.e5 Ng4 10.Bd4 a6 11.Na3 Qe4+ 12.Be2 Nxe5 13.Nxe5 Bxe5 14.O-O Nc6 15.Bf3 Qf4
16.Bxe5 Qxe5 17.Nc4 Qc5 18.Bd5 e6 19.Bxc6 dxc6 20.Nd6+ Ke7 21.Ne4 Qe5 22.Re1 Bb7
23.Qg4 h6 24.Ng3 Qg5 25.Qb4+ Qc5 26.Qf4 Rad8 27.Ne4 Qf5 28.Qc7+ Rd7 29.Qxb6 Qb5
30.Qc5+ Qxc5 31.Nxc5 Rd5 32.b4 Bc8 33.Nb3 Rhd8 34.f3 Kf6 35.a4 e5 36.a5 h5
37.h4 Kf5 38.Kf2 Be6 39.Rac1 R5d6 40.Nc5 Rd2+ 41.Re2 Bc4 42.Rxd2 Rxd2+ 43.Kg3 f6
44.Ne4 Rd3 45.Rc2 Rd5 46.Rd2 Ke6 47.Kf2 f5 48.Nc5+ Kd6 49.Ke1 f4 50.Ne4+ Ke6
51.Nc5+ Kf5 52.Ne4 Ke6 53.Nc5+ Kf5 54.Ne4  1/2-1/2

[Event "24th ECC"]
[Site "Kallithea GRE"]
[Date "2008.10.18"]
[Round "2"]
[White "Malakhov,V"]
[Black "Ferguson,M"]
[Result "1-0"]
[WhiteElo "2675"]
[BlackElo "2398"]

1.d4 d5 2.c4 c6 3.Nf3 Nf6 4.e3 Bf5 5.Nc3 e6 6.Nh4 Bg6 7.Be2 Nbd7 8.O-O Bd6
9.g3 O-O 10.a3 dxc4 11.Nxg6 hxg6 12.Bxc4 Qe7 13.Ba2 Rfd8 14.Bd2 c5 15.Qf3 Nb6
16.dxc5 Bxc5 17.Rfd1 Rac8 18.Be1 a6 19.Rac1 Rxd1 20.Rxd1 Bd6 21.Ne4 Nxe4
22.Qxe4 Rc6 23.Bc3 Nd7 24.Qd4 Nf6 25.Kg2 Qc7 26.e4 Be7 27.e5 Nh7 28.Rd3 Nf8
29.Rf3 Bc5 30.Qd2 Qe7 31.Bb1 Rc7 32.Be4 Rd7 33.Qc2 Qd8 34.Qb3 Qc7 35.Qa4 Rd8
36.Ba5 b6 37.Bc3 a5 38.Qc4 Rc8 39.Bb1 Qb7 40.Qf4 Nh7 41.h4 Rc7 42.Be4 Qc8
43.g4 Qd8 44.g5 Rd7 45.Bc6 Rc7 46.Bb5 Qa8 47.Kh2 Qc8 48.Bd2 Bf8 49.Bd3 Qd8
50.h5 gxh5 51.g6 fxg6 52.Bxg6 Bc5 53.Bxh5 Qd4 54.Bf7+ Kh8 55.Bxe6 Re7 56.Bf5 Rxe5
57.Bc3 Qxf4+ 58.Rxf4 Rd5 59.Kg2 Be7 60.Re4 Rxf5 61.Rxe7 Nf6 62.Rb7 Rg5+ 63.Kf3 Nd5
64.Bd4 Kg8 65.a4 Kf8 66.b3 Rf5+ 67.Ke4 g6 68.Bxb6 Nf6+ 69.Kd3 Ng4 70.Ke2 Re5+
71.Kf3 Nf6 72.Ra7 Rf5+ 73.Ke2 Re5+ 74.Kf1 Ne4 75.Bxa5 Rf5 76.Be1  1-0

[Event "24th ECC"]
[Site "Kallithea GRE"]
[Date "2008.10.20"]
[Round "4"]
[White "Malakhov,V"]
[Black "Jobava,Ba"]
[Result "1-0"]
[WhiteElo "2675"]
[BlackElo "2664"]

1.e4 c6 2.d4 d5 3.e5 Bf5 4.Nf3 e6 5.Be2 Nd7 6.O-O Ne7 7.Nbd2 h6 8.Nb3 Bh7
9.Bd2 Ng6 10.Rc1 Be7 11.c4 dxc4 12.Bxc4 O-O 13.g3 Re8 14.Re1 Bf8 15.Na5 Rb8
16.b4 Ne7 17.Bf1 Nd5 18.a3 N7b6 19.Qb3 Re7 20.Red1 Nc7 21.Qe3 Rd7 22.Be1 Nbd5
23.Qe2 Nb5 24.Qb2 Be4 25.Nd2 Bg6 26.Ndb3 Bh5 27.Rd2 Nb6 28.Bg2 Na4 29.Qa1 Qc7
30.f4 Rbd8 31.Bf2 Bg6 32.Nc4 Qb8 33.Bf3 Nb6 34.Nca5 Nd5 35.Nc5 Bxc5 36.bxc5 Ne7
37.Nc4 Nc7 38.g4 Ncd5 39.Bg3 b5 40.Nd6 Qc7 41.Rf2 Qa5 42.f5 Bh7 43.Be4 Nc8
44.Bxd5 exd5 45.Bh4 Rf8 46.Qc3 Qxc3 47.Rxc3 Rc7 48.Rcf3 a5 49.Bg3 Ra7 50.h4 Rd8
51.g5 h5 52.e6 f6 53.Nxc8 Rxc8 54.g6  1-0

[Event "TCh-CHN Torch Real Estate Cup"]
[Site "Jiangsu Wuxi CHN"]
[Date "2008.10.21"]
[Round "9"]
[White "Jia Haoxiang"]
[Black "Malakhov,V"]
[Result "0-1"]
[WhiteElo "2249"]
[BlackElo "2689"]

1.Nf3 g6 2.d4 Bg7 3.g3 c5 4.Bg2 cxd4 5.Nxd4 Nc6 6.Nb3 Nf6 7.c4 d6 8.Nc3 Be6
9.Nd5 Rc8 10.O-O O-O 11.Bg5 Ne5 12.Nd4 Rxc4 13.Bxf6 exf6 14.Nf4 Bd7 15.b3 Rc7
16.Nd5 Rc8 17.f4 Nc6 18.Nb5 Be8 19.Rc1 f5 20.Kh1 a6 21.Nbc3 Bd7 22.Na4 Ne7
23.Nab6 Rxc1 24.Qxc1 Bc6 25.Rd1 Nxd5 26.Nxd5 Re8 27.Qd2 h5 28.h4 Qd7 29.Bf3 Qd8
30.a4 Qb8 31.Kg2 Qa7 32.Qd3 a5 33.Rd2 Qc5 34.Rc2 Qa7 35.Rd2 Kh8 36.Qc2 Qc5
37.Qd1 Qa3 38.Nb6 Qb4 39.Nd5 Qc5 40.Kf1 Bd7 41.Rc2 Qa3 42.Qd3 Bc6 43.Rd2 Kh7
44.Rc2 Qa1+ 45.Kg2 Bd4 46.e3 Bxd5 47.exd4 Be4 48.Bxe4 Rxe4 49.d5 b6 50.Rf2 Re1
51.Qc2 Qd4 52.Qc4 Qe3 53.Qc2 Rc1 54.Qe2 Qd4 55.Qf3 Rc3  0-1

[Event "TCh-CHN Torch Real Estate Cup"]
[Site "Jiangsu Wuxi CHN"]
[Date "2008.10.22"]
[Round "10"]
[White "Malakhov,V"]
[Black "Li Haoyu"]
[Result "1-0"]
[WhiteElo "2689"]
[BlackElo "2328"]

1.e4 e5 2.Nf3 Nf6 3.Nxe5 d6 4.Nf3 Nxe4 5.Nc3 Nxc3 6.dxc3 Be7 7.Bf4 Nc6 8.Qd2 Be6
9.O-O-O Qd7 10.Ng5 Bxg5 11.Bxg5 f6 12.Be3 a6 13.b3 O-O-O 14.Be2 Rhe8 15.Rhe1 Bf5
16.Bf1 Re7 17.c4 Rde8 18.c5 dxc5 19.Qc3 Nd4 20.Qxc5 Qc6 21.Qxc6 Nxc6 22.Rd2 Rd8
23.Rxd8+ Kxd8 24.Be2 Kc8 25.g4 Bg6 26.h4 h6 27.h5 Bh7 28.a3 Re5 29.Rd1 Re8
30.Rd2 Be4 31.Bd1 Rd8 32.f3 Rxd2 33.Kxd2 Bh7 34.Be2 Kd7 35.b4 Bg8 36.c4 Ne5
37.Kc3 Be6 38.a4 Nf7 39.a5 c6 40.Kd4 Nd6 41.Bf4 Nc8 42.Kc5 Ke7 43.Bd3 Kf8
44.b5 cxb5 45.cxb5 axb5 46.Be4 b4 47.Kxb4  1-0

[Event "24th ECC"]
[Site "Kallithea GRE"]
[Date "2008.10.22"]
[Round "6"]
[White "Malakhov,V"]
[Black "Avrukh,B"]
[Result "1-0"]
[WhiteElo "2675"]
[BlackElo "2657"]

1.e4 c5 2.Nf3 e6 3.d4 cxd4 4.Nxd4 a6 5.Bd3 Bc5 6.Nb3 Be7 7.O-O d6 8.c4 Nf6
9.Nc3 b6 10.Be3 Bb7 11.a4 Nc6 12.Qe2 O-O 13.Rfd1 Nd7 14.Nd4 Nb4 15.Bb1 Qc7
16.Nc2 Nc6 17.Ba2 Bf6 18.Qd2 Be5 19.f3 Rad8 20.Kh1 h6 21.Rac1 a5 22.Nb5 Qb8
23.f4 Bxb2 24.Rb1 Bf6 25.Nxd6 Be7 26.e5 Bxd6 27.exd6 Qa7 28.Rb2 Rb8 29.Na3 Ba6
30.Bb1 Rfd8 31.Nb5 Bxb5 32.axb5 Nb4 33.f5 exf5 34.Bxh6 Ne5 35.Bxf5 f6 36.Rb3 Qf7
37.Bxg7  1-0

[Event "24th ECC"]
[Site "Kallithea GRE"]
[Date "2008.10.23"]
[Round "7"]
[White "Malakhov,V"]
[Black "Saltaev,M"]
[Result "1-0"]
[WhiteElo "2675"]
[BlackElo "2484"]

1.e4 c6 2.d4 d5 3.e5 Bf5 4.Nd2 e6 5.Nb3 Nd7 6.Nf3 h6 7.Be2 Ne7 8.O-O Bh7
9.Bd2 Ng6 10.Rc1 Be7 11.c4 dxc4 12.Na5 Rb8 13.Bxc4 Nb6 14.Bd3 Nf8 15.Be2 Nfd7
16.b4 O-O 17.Ne1 Nd5 18.a3 f6 19.Nd3 fxe5 20.Nxe5 Nxe5 21.dxe5 Bg5 22.Bc4 Be4
23.Nb3 b5 24.Bxd5 Bxd5 25.f4 Be7 26.Rf2 Rc8 27.Be3 a5 28.Bc5 axb4 29.axb4 Ra8
30.Bxe7 Qxe7 31.Nc5 Qh4 32.g3 Qh3 33.Qf1 Qg4 34.Qd1 Qh3 35.Qf1 Qg4 36.Nd7 Rfd8
37.Nb6 Ra3 38.Nxd5 Rxd5 39.Qe2 Qh3 40.f5 Rdd3 41.f6 gxf6 42.exf6 Kf8 43.f7 Rd5
44.Rcf1 Rh5 45.Qe4 Rg5 46.Qxc6 Raxg3+ 47.Kh1  1-0

[Event "TCh-CHN Torch Real Estate Cup"]
[Site "Jiangsu Wuxi CHN"]
[Date "2008.10.30"]
[Round "12"]
[White "Malakhov,V"]
[Black "Lou Yiping"]
[Result "1-0"]
[WhiteElo "2689"]
[BlackElo "2318"]

1.e4 e6 2.d4 d5 3.Nd2 c5 4.Ngf3 cxd4 5.exd5 Qxd5 6.Bc4 Qd6 7.O-O Nf6 8.Nb3 Nc6
9.Nbxd4 Nxd4 10.Nxd4 a6 11.Bb3 Bd7 12.c3 Qc7 13.Qf3 Bd6 14.Kh1 h6 15.Be3 O-O-O
16.c4 Be5 17.Rfd1 Kb8 18.c5 Bc6 19.Nxc6+ Qxc6 20.Qxc6 bxc6 21.f4 Ng4 22.fxe5 Nxe3
23.Rd6 Kb7 24.Ba4 Rc8 25.Re1 Nf5 26.Re4 Nxd6 27.exd6 Ka7 28.h4 g5 29.h5 Rb8
30.b3 g4 31.Rxg4 Rhg8 32.Rxg8 Rxg8 33.Bxc6 Rc8 34.b4 Rd8 35.g4 Kb8 36.a4 f6
37.b5 Rg8 38.Bd7 axb5 39.axb5 Rxg4 40.c6  1-0

[Event "Russia Cup Final"]
[Site "Serpuhov RUS"]
[Date "2008.11.08"]
[Round "2.2"]
[White "Malakhov,V"]
[Black "Potkin,V"]
[Result "1/2-1/2"]
[WhiteElo "2675"]
[BlackElo "2613"]

1.e4 c5 2.Nf3 e6 3.d4 cxd4 4.Nxd4 Nc6 5.Nb5 d6 6.c4 Nf6 7.N1c3 a6 8.Nd4 d5
9.exd5 exd5 10.Nxc6 bxc6 11.cxd5 Nxd5 12.Nxd5 cxd5 13.Be2 Be7 14.O-O O-O
15.Be3 Rb8 16.Bd4 Bf6 17.b3 Re8 18.Bf3 Be6 19.Rc1 a5 20.Bxf6 Qxf6 21.Rc5 a4
22.bxa4 Qb2 23.Rc2 Qa3 24.Rd2 Ra8 25.Bxd5 Bxd5 26.Rxd5 Qxa4 27.Qxa4 Rxa4
28.Rd2 g5 29.Rc1 Rea8 30.Rcc2 Kg7 31.h3 R8a6 32.Kf1 h5 33.Ke1 h4 34.Kd1 Kg6
35.Kc1 g4 36.hxg4 Rxg4 37.f3 Rga4 38.Kb1 Kg5 39.Rd5+ f5 40.Rcc5 Rxa2 41.Rxf5+ Kg6
42.Rg5+ Kf6 43.Rcf5+ Ke6 44.Rb5 Kf6 45.Rg4 R6a4 46.Rb6+ Kf5 47.Rg8 Ra8 48.Rb5+ Kf6
49.Rg4 R8a4 50.f4 Rf2 51.Rxh4 Raxf4 52.Rxf4+ Rxf4 53.Kc2  1/2-1/2

[Event "10th EICC"]
[Site "Budva MNE"]
[Date "2009.03.14"]
[Round "8"]
[White "Malakhov,V"]
[Black "Lysyj,I"]
[Result "1-0"]
[WhiteElo "2692"]
[BlackElo "2620"]

1.Nf3 Nf6 2.g3 d5 3.Bg2 c6 4.O-O Bg4 5.d3 e6 6.Nbd2 Nbd7 7.h3 Bh5 8.e4 dxe4
9.dxe4 e5 10.Qe1 Be7 11.Nh4 O-O 12.Nf5 Bc5 13.Nc4 a5 14.a4 Bg6 15.Bd2 b6
16.Bc3 Qc7 17.Nh4 Rfe8 18.Nxg6 hxg6 19.Bd2 Bf8 20.Qe2 Nc5 21.Rfd1 Ne6 22.Bc3 Nc5
23.h4 Nb7 24.b3 b5 25.Ne3 bxa4 26.bxa4 Bc5 27.Nc4 Nd6 28.Nxd6 Bxd6 29.Qc4 Bf8
30.Bh3 Rab8 31.Rab1 Red8 32.Bf1 Rxb1 33.Rxb1 Qa7 34.Kg2 Bc5 35.f3 Bg1 36.Qe2 Bd4
37.Be1 Ne8 38.Qa6 Qxa6 39.Bxa6 Nd6 40.Be2 Ra8 41.c3 Ba7 42.Bf2 f5 43.Rd1 Bxf2
44.Rxd6 Be1 45.Bc4+ Kf8 46.Rd7 Rb8 47.Rf7+ Ke8 48.Rxg7 Rb2+ 49.Kh3 f4 50.gxf4 Rf2
51.f5 Rxf3+ 52.Kg2 Rg3+ 53.Kh2 Rxc3 54.Be6 Bg3+ 55.Kg2 Bxh4 56.fxg6 Rg3+
57.Kh2 Re3 58.Rh7 Bf6 59.Rf7  1-0

[Event "10th EICC"]
[Site "Budva MNE"]
[Date "2009.03.16"]
[Round "10"]
[White "Navara,D"]
[Black "Malakhov,V"]
[Result "1/2-1/2"]
[WhiteElo "2638"]
[BlackElo "2692"]

1.d4 d5 2.c4 c6 3.Nc3 Nf6 4.Nf3 a6 5.g3 dxc4 6.a4 e6 7.Bg2 c5 8.dxc5 Qxd1+
9.Nxd1 Nc6 10.Ne3 Bxc5 11.Nxc4 Ke7 12.O-O Rd8 13.Nfe5 Nxe5 14.Nxe5 Nd5 15.Rd1 f6
16.Nc4 a5 17.Bd2 Nb6 18.Nxb6 Bxb6 19.Be4 h6 20.b4 e5 21.Rab1 Rd4 22.Bd3 Rd8
23.bxa5 Bxa5 24.Be3 b6 25.Rdc1 Be6 26.Rc7+ Rd7 27.Rc2 Raa7 28.Kg2 Rd6 29.Bc1 Rd4
30.Be3 Rxa4 31.Bxb6 Bxb6 32.Rxb6 e4 33.Bb5 Rb4 34.Ra6 Rxa6  1/2-1/2

[Event "10th EICC"]
[Site "Budva MNE"]
[Date "2009.03.17"]
[Round "11"]
[White "Malakhov,V"]
[Black "Fedorchuk,S"]
[Result "1-0"]
[WhiteElo "2692"]
[BlackElo "2633"]

1.d4 Nf6 2.c4 e6 3.Nc3 Bb4 4.Qc2 c5 5.dxc5 O-O 6.Nf3 Na6 7.c6 bxc6 8.a3 Be7
9.e4 d6 10.b4 Nb8 11.Be2 a5 12.Rb1 axb4 13.axb4 Na6 14.O-O c5 15.b5 Nb4 16.Qb3 Bb7
17.e5 Ng4 18.Bf4 d5 19.Ne1 Bg5 20.Bg3 Nh6 21.Nd3 Nxd3 22.Bxd3 Bh4 23.Rfe1 Bxg3
24.hxg3 dxc4 25.Qxc4 Qd4 26.Qxd4 cxd4 27.Ne4 Ra3 28.Nc5 Rb8 29.Rec1 Ng4 30.Be2 h5
31.Rd1 Nxe5 32.Rxd4 Bd5 33.Bxh5 Rc3 34.Na6 Rb6 35.Be2 Rc2 36.Bf1 Nc4 37.Bd3 Rd2
38.Nc5 g5 39.Rg4 f6 40.Bxc4  1-0

[Event "10th EICC Playoff"]
[Site "Budva MNE"]
[Date "2009.03.18"]
[Round "1.1"]
[White "Nyback,T"]
[Black "Malakhov,V"]
[Result "0-1"]
[WhiteElo "2644"]
[BlackElo "2692"]

1.d4 d5 2.c4 c6 3.Nc3 Nf6 4.Nf3 a6 5.c5 Nbd7 6.Bf4 Nh5 7.Bd2 Nhf6 8.Qc2 g6
9.g3 Bg7 10.Bg2 O-O 11.O-O b6 12.b4 Re8 13.e4 Nxe4 14.Nxe4 dxe4 15.Qxe4 Bb7
16.Rad1 a5 17.Ne5 Nxe5 18.dxe5 axb4 19.Bf4 Qc8 20.cxb6 Rxa2 21.Qxb4 Qe6 22.Ra1 Rea8
23.Rxa2 Rxa2 24.Rd1 h6 25.h4 Bxe5 26.Re1 Ra1 27.Rxa1 Bxa1 28.Bxh6 Qd6 29.Qg4 Bd4
30.Be3 e5 31.h5 Bxe3 32.fxe3 Qd2 33.Qg5 Qd1+ 34.Kh2 Qxh5+ 35.Qxh5 gxh5 36.Kh3 Kg7
37.Be4 Kf6 38.Kh4 Ke6 39.Kxh5 f5 40.Bg2 Kf6 41.Kh6 Ba8 42.e4 c5 43.exf5 Bxg2
44.g4 c4 45.g5+ Kxf5 46.g6 c3 47.g7 Bd5 48.g8=Q Bxg8 49.b7 c2 50.b8=Q c1=Q+
51.Kg7 Qg5+ 52.Kf8 Be6 53.Qb1+ Kf6  0-1

[Event "10th EICC Playoff"]
[Site "Budva MNE"]
[Date "2009.03.18"]
[Round "2.1"]
[White "Malakhov,V"]
[Black "Naiditsch,A"]
[Result "1/2-1/2"]
[WhiteElo "2692"]
[BlackElo "2693"]

1.Nf3 Nf6 2.c4 e6 3.Nc3 d5 4.d4 dxc4 5.Qa4+ Nbd7 6.e3 a6 7.Bxc4 Rb8 8.Be2 b5
9.Qc2 c5 10.O-O Bb7 11.a3 Rc8 12.dxc5 Nxc5 13.Bd2 Be7 14.Rfd1 Qc7 15.Rac1 O-O
16.Be1 Qb8 17.b4 Na4 18.Qb3 Ng4 19.h3 Bxf3 20.Bxf3 Qh2+ 21.Kf1 Ne5 22.Nxa4 bxa4
23.Qxa4 Rxc1 24.Rxc1 Nxf3 25.gxf3 Qxh3+ 26.Ke2 h5 27.Qd7 Bf6 28.Rc8 Rxc8
29.Qxc8+ Kh7 30.Qxa6 h4 31.Qd3+ g6 32.Bc3 Bxc3 33.Qxc3 Qg2 34.Qf6 h3 35.Qxf7+ Kh6
36.Qg8 g5 37.Qxe6+ Kg7  1/2-1/2

[Event "10th EICC Playoff"]
[Site "Budva MNE"]
[Date "2009.03.18"]
[Round "2.3"]
[White "Naiditsch,A"]
[Black "Malakhov,V"]
[Result "1/2-1/2"]
[WhiteElo "2693"]
[BlackElo "2692"]

1.e4 c5 2.Nf3 Nc6 3.Bb5 d6 4.O-O Bd7 5.Re1 Nf6 6.c3 a6 7.Bf1 Bg4 8.h3 Bxf3
9.Qxf3 g6 10.Qd1 Bg7 11.d4 cxd4 12.cxd4 O-O 13.Nc3 Nd7 14.d5 Na5 15.Bg5 Rc8
16.Rc1 h6 17.Bf4 Nc4 18.Qb3 b5 19.a4 Nc5 20.Qa2 g5 21.axb5 axb5 22.Nxb5 Nxb2
23.Be3 Nbd3 24.Bxd3 Nxd3 25.Rxc8 Qxc8 26.Rb1 Be5 27.Na7 Qc3 28.Nc6 Bf6 29.Qe2 Ne5
30.Bd4 Qa3 31.Bxe5 dxe5 32.Rb7 Kg7 33.Kh2 Ra8 34.d6 Qxd6 35.Qc4 Rc8 36.Rb6 e6
37.Qb5 Qd2 38.Qf1 h5 39.g3 h4 40.gxh4 Qf4+ 41.Kh1 Qxe4+ 42.Qg2 Qxh4 43.Rb4 Qh5
44.Rg4 Qg6 45.Nb4 Qb1+ 46.Kh2 e4 47.Rxe4 Rc1 48.h4 Re1 49.Nd3 Qb8+ 50.f4 Rxe4
51.Qxe4 gxf4 52.h5 Qd6 53.Kh3 Qd5 54.Qxd5 Kh6 55.Kg4  1/2-1/2

[Event "10th EICC Playoff"]
[Site "Budva MNE"]
[Date "2009.03.18"]
[Round "2.2"]
[White "Naiditsch,A"]
[Black "Malakhov,V"]
[Result "1/2-1/2"]
[WhiteElo "2693"]
[BlackElo "2692"]

1.e4 c5 2.Nf3 Nc6 3.d4 cxd4 4.Nxd4 Nf6 5.Nc3 d6 6.Bg5 Bd7 7.Qd2 h6 8.Bxf6 gxf6
9.O-O-O Nxd4 10.Qxd4 Qa5 11.f4 Rc8 12.Bc4 Qc5 13.Bb3 Qxd4 14.Rxd4 Rg8 15.g3 e6
16.Ba4 Bxa4 17.Rxa4 a6 18.Ra5 d5 19.exd5 Bb4 20.Ra4 Bxc3 21.bxc3 Rxc3 22.Re1 Ke7
23.Rae4 Rgc8 24.R1e2 R3c4 25.dxe6 Rxe4 26.Rxe4 fxe6 27.f5 Rc6 28.Rh4 exf5
29.Rxh6 b5 30.Rh4 Ke6 31.a4 Rc3 32.axb5 axb5 33.Rb4 Rf3 34.Rf4 Ra3 35.Kd2 Ra1
36.Kc3 Rh1 37.Rf2 Ke5 38.Kb4 f4 39.gxf4+ Ke4 40.Kxb5 Ke3 41.Rg2 Kf3 42.Rd2 Ke3
43.Rg2 Kf3 44.Rg6 Rxh2 45.c4 f5 46.c5 Kxf4 47.c6 Rc2 48.Kb6 Ke4 49.c7 Rxc7
50.Kxc7 f4 51.Re6+ Kd3 52.Rf6 Ke3 53.Kd6 Kd4  1/2-1/2

[Event "10th EICC Playoff"]
[Site "Budva MNE"]
[Date "2009.03.18"]
[Round "3.1"]
[White "Malakhov,V"]
[Black "Inarkiev,E"]
[Result "1-0"]
[WhiteElo "2692"]
[BlackElo "2656"]

1.Nf3 Nf6 2.c4 g6 3.Nc3 Bg7 4.g3 O-O 5.Bg2 d6 6.O-O Nc6 7.Rb1 a5 8.a3 e5
9.d3 h6 10.b4 axb4 11.axb4 Be6 12.b5 Ne7 13.Qb3 c6 14.Ba3 Qd7 15.Ra1 Rfe8
16.Rfb1 Nh7 17.Nd2 f5 18.Na4 Nc8 19.bxc6 bxc6 20.Bb2 Qc7 21.Bc3 Ra7 22.Qb8 Nf6
23.Qxc7 Rxc7 24.c5 Nd5 25.Bb2 Bf7 26.Nc4 dxc5 27.Nxc5 Ndb6 28.Na5 Ne7 29.f4 Ned5
30.Bxe5 Bxe5 31.fxe5 Rxe5 32.Na6 Rce7 33.Nxc6 Rxe2 34.Nxe7+ Rxe7 35.Nc5 Re2
36.Ra6 Rc2 37.d4 Ne3 38.Bf3 Nbd5 39.Rb8+ Kg7 40.Ne6+ Bxe6 41.Rxe6 Rc1+ 42.Kf2 Rc2+
43.Ke1 Rc1+ 44.Kf2 Rc2+ 45.Be2 Ng4+ 46.Ke1 h5 47.Bxg4 hxg4 48.Rd8 Kf7 49.Re2 Nb4
50.Rxc2 Nxc2+ 51.Kd2 Ke7 52.Rd5 Nb4 53.Rc5 Kd6 54.Ra5 Nc6 55.Ra4 Ne7 56.Kd3 g5
57.Ra6+ Kd5 58.Ra5+ Ke6 59.Kc4 Kf6 60.Ra6+ Kf7 61.d5 f4 62.d6 Nf5 63.Kd5 f3
64.Ra2 Kf6 65.Rd2 Ne3+ 66.Kc6 Nc4 67.d7  1-0

[Event "10th EICC Playoff"]
[Site "Budva MNE"]
[Date "2009.03.18"]
[Round "3.2"]
[White "Inarkiev,E"]
[Black "Malakhov,V"]
[Result "1/2-1/2"]
[WhiteElo "2656"]
[BlackElo "2692"]

1.d4 c5 2.e4 d6 3.Nf3 cxd4 4.Nxd4 Nf6 5.Nc3 Nc6 6.Bg5 h6 7.Qd2 Bd7 8.Bxf6 gxf6
9.Nb3 f5 10.Bd3 fxe4 11.Bxe4 Bg7 12.f4 Rc8 13.O-O Na5 14.Rae1 Nc4 15.Qe2 Nxb2
16.Nd5 e6 17.Ne3 O-O 18.f5 d5 19.Ng4 exf5 20.Bxf5 Bxf5 21.Rxf5 Re8 22.Qf2 Rxe1+
23.Qxe1 Rxc2 24.h3 Qb6+ 25.Kh1 Qe6 26.Qg3 Rc3 27.Nf6+ Kh8 28.Rf3 Nd3 29.Nh5 Qe1+
30.Qxe1 Nxe1 31.Rxf7 Be5 32.Rxb7 Rc2 33.Re7 Nd3 34.Rxa7 Rb2 35.g3 Nf2+ 36.Kg2 Ng4+
37.Kg1 Rb1+ 38.Kg2 Rb2+ 39.Kf3 Nh2+ 40.Ke3 Nf1+ 41.Kf3 Nh2+ 42.Ke3 Nf1+ 43.Kd3 Nxg3
44.Nxg3 Bxg3 45.Nd4 Rh2 46.Nf5 Bf2 47.Rb7 Rxh3+ 48.Ke2 Bc5 49.Rb5 Ba3 50.Rxd5 Rh2+
51.Kf3 Rxa2 52.Ra5 Ra1 53.Nxh6 Bb2 54.Rxa1  1/2-1/2

[Event "16th TCh-RUS Premier"]
[Site "Dagomys RUS"]
[Date "2009.04.04"]
[Round "1"]
[White "Malakhov,V"]
[Black "Inarkiev,E"]
[Result "1/2-1/2"]
[WhiteElo "2709"]
[BlackElo "2676"]

1.e4 e5 2.Nf3 Nc6 3.Bc4 Nf6 4.d3 Bc5 5.c3 a6 6.Bb3 O-O 7.O-O Ba7 8.Re1 d6
9.h3 Re8 10.Nbd2 Be6 11.Nf1 h6 12.N3h2 Bxb3 13.axb3 d5 14.Qf3 Re6 15.Ng3 Ne7
16.Ng4 c6 17.Nf5 Nxg4 18.Qxg4 Rg6 19.Qh4 Bc5 20.Be3 Bd6 21.d4 dxe4 22.Qxe4 Nxf5
23.Qxf5 exd4 24.Bxd4 Qg5 25.Qxg5 hxg5 26.Rad1 Kf8 27.b4 f5 28.Rd3 Kf7 29.Bc5 Bxc5
30.bxc5 Rb8 31.Rd7+ Kg8 32.Re5 f4 33.b4 b6 34.Rc7 Kh7 35.Kf1 a5 36.Rd7 axb4
37.cxb4  1/2-1/2